<?xml version="1.0" encoding="UTF-8"?>
<record
    xmlns:xsi="http://www.w3.org/2001/XMLSchema-instance"
    xsi:schemaLocation="http://www.loc.gov/MARC21/slim http://www.loc.gov/standards/marcxml/schema/MARC21slim.xsd"
    xmlns="http://www.loc.gov/MARC21/slim">

  <leader>01221nam a2200361 a 4500</leader>
  <controlfield tag="008">140331s2014    ag ||||| |||| 00| 0 spa d</controlfield>
  <datafield tag="020" ind1=" " ind2=" ">
    <subfield code="a">9789871639267</subfield>
  </datafield>
  <datafield tag="041" ind1=" " ind2=" ">
    <subfield code="a">spa</subfield>
  </datafield>
  <datafield tag="092" ind1=" " ind2=" ">
    <subfield code="c">616.6</subfield>
    <subfield code="l">31</subfield>
    <subfield code="s">GUE</subfield>
  </datafield>
  <datafield tag="100" ind1="1" ind2=" ">
    <subfield code="a">Gueglio, Guillermo</subfield>
    <subfield code="9">301</subfield>
  </datafield>
  <datafield tag="245" ind1=" " ind2=" ">
    <subfield code="a">Manual de urolog&#xED;a /</subfield>
    <subfield code="c">Guillermo Gueglio</subfield>
  </datafield>
  <datafield tag="250" ind1=" " ind2=" ">
    <subfield code="a">1a ed.</subfield>
  </datafield>
  <datafield tag="260" ind1=" " ind2=" ">
    <subfield code="a">Buenos Aires:</subfield>
    <subfield code="b">delhospital ediciones ; Journal;</subfield>
    <subfield code="c">2014.</subfield>
  </datafield>
  <datafield tag="300" ind1=" " ind2=" ">
    <subfield code="a">373 p.</subfield>
  </datafield>
  <datafield tag="500" ind1=" " ind2=" ">
    <subfield code="a">Gueglio, G. y Mart&#xED;nez, P. F. (Col.). (2014). Manual de urolog&#xED;a. (1a ed.). Buenos Aires : delhospital ediciones ; Journal.</subfield>
  </datafield>
  <datafield tag="653" ind1=" " ind2=" ">
    <subfield code="a">Urologia</subfield>
  </datafield>
  <datafield tag="653" ind1=" " ind2=" ">
    <subfield code="a">Masa renales</subfield>
  </datafield>
  <datafield tag="653" ind1=" " ind2=" ">
    <subfield code="a">Litiasis renal</subfield>
  </datafield>
  <datafield tag="653" ind1=" " ind2=" ">
    <subfield code="a">Tumores de vejiga y urotelio</subfield>
  </datafield>
  <datafield tag="653" ind1=" " ind2=" ">
    <subfield code="a">Prostatitis</subfield>
  </datafield>
  <datafield tag="653" ind1=" " ind2=" ">
    <subfield code="a">Hiperplasia prostatica benigna</subfield>
  </datafield>
  <datafield tag="653" ind1=" " ind2=" ">
    <subfield code="a">Cancer de prostata</subfield>
  </datafield>
  <datafield tag="653" ind1=" " ind2=" ">
    <subfield code="a">Otras causas de obstruccion del tracto de salida vesical</subfield>
  </datafield>
  <datafield tag="653" ind1=" " ind2=" ">
    <subfield code="a">Patologia benigna de los genitales externos</subfield>
  </datafield>
  <datafield tag="653" ind1=" " ind2=" ">
    <subfield code="a">Tumores testiculares</subfield>
  </datafield>
  <datafield tag="653" ind1=" " ind2=" ">
    <subfield code="a">Tumores de pene</subfield>
  </datafield>
  <datafield tag="653" ind1=" " ind2=" ">
    <subfield code="a">Hematuria en los varones adultos</subfield>
  </datafield>
  <datafield tag="653" ind1=" " ind2=" ">
    <subfield code="a">Infecciones urinarias</subfield>
  </datafield>
  <datafield tag="653" ind1=" " ind2=" ">
    <subfield code="a">Uretritis</subfield>
  </datafield>
  <datafield tag="653" ind1=" " ind2=" ">
    <subfield code="a">Sifilis primaria y herpes genital</subfield>
  </datafield>
  <datafield tag="700" ind1="1" ind2=" ">
    <subfield code="a">Mart&#xED;nez, Pablo Francisco</subfield>
    <subfield code="9">2887</subfield>
  </datafield>
  <datafield tag="942" ind1=" " ind2=" ">
    <subfield code="2">ddc</subfield>
    <subfield code="c">BK</subfield>
  </datafield>
  <datafield tag="999" ind1=" " ind2=" ">
    <subfield code="c">2079</subfield>
    <subfield code="d">2079</subfield>
  </datafield>
  <datafield tag="952" ind1=" " ind2=" ">
    <subfield code="0">0</subfield>
    <subfield code="1">0</subfield>
    <subfield code="2">ddc</subfield>
    <subfield code="4">0</subfield>
    <subfield code="7">0</subfield>
    <subfield code="8">REF</subfield>
    <subfield code="a">BFM</subfield>
    <subfield code="b">BFM</subfield>
    <subfield code="c">REF</subfield>
    <subfield code="d">2014-03-31</subfield>
    <subfield code="e">PROMED</subfield>
    <subfield code="g">297.00</subfield>
    <subfield code="l">1</subfield>
    <subfield code="o">616.6 31 GUE</subfield>
    <subfield code="p">3240</subfield>
    <subfield code="r">2017-09-18</subfield>
    <subfield code="s">2017-09-15</subfield>
    <subfield code="t">Ej. 1 </subfield>
    <subfield code="w">2014-03-31</subfield>
    <subfield code="y">REF</subfield>
    <subfield code="z">Compr PROMED 3ER A&#xD1;O Marzo 2014 LIBRO DE CONSULTA</subfield>
  </datafield>
  <datafield tag="952" ind1=" " ind2=" ">
    <subfield code="0">0</subfield>
    <subfield code="1">0</subfield>
    <subfield code="2">ddc</subfield>
    <subfield code="4">0</subfield>
    <subfield code="7">0</subfield>
    <subfield code="8">NFIC</subfield>
    <subfield code="a">BFM</subfield>
    <subfield code="b">BFM</subfield>
    <subfield code="c">CR</subfield>
    <subfield code="d">2014-03-31</subfield>
    <subfield code="e">PROMED</subfield>
    <subfield code="g">297.00</subfield>
    <subfield code="l">77</subfield>
    <subfield code="m">27</subfield>
    <subfield code="o">616.6 31 GUE</subfield>
    <subfield code="p">3241</subfield>
    <subfield code="r">2025-11-26</subfield>
    <subfield code="s">2025-11-11</subfield>
    <subfield code="t">Ej. 2</subfield>
    <subfield code="w">2014-03-31</subfield>
    <subfield code="y">BK</subfield>
    <subfield code="z">Compr PROMED 3ER A&#xD1;O Marzo 2014</subfield>
  </datafield>
  <datafield tag="952" ind1=" " ind2=" ">
    <subfield code="0">0</subfield>
    <subfield code="1">0</subfield>
    <subfield code="2">ddc</subfield>
    <subfield code="4">0</subfield>
    <subfield code="7">0</subfield>
    <subfield code="8">NFIC</subfield>
    <subfield code="a">BFM</subfield>
    <subfield code="b">BFM</subfield>
    <subfield code="c">CR</subfield>
    <subfield code="d">2014-03-31</subfield>
    <subfield code="e">PROMED</subfield>
    <subfield code="g">297.00</subfield>
    <subfield code="l">54</subfield>
    <subfield code="m">14</subfield>
    <subfield code="o">616.6 31 GUE</subfield>
    <subfield code="p">3242</subfield>
    <subfield code="r">2025-05-20</subfield>
    <subfield code="s">2025-05-13</subfield>
    <subfield code="t">Ej. 3</subfield>
    <subfield code="w">2014-03-31</subfield>
    <subfield code="y">BK</subfield>
    <subfield code="z">COMPRA PROMED 3ER A&#xD1;O, MARZO 2014. Sede Tordos.</subfield>
    <subfield code="f"></subfield>
  </datafield>
  <datafield tag="952" ind1=" " ind2=" ">
    <subfield code="0">0</subfield>
    <subfield code="1">0</subfield>
    <subfield code="2">ddc</subfield>
    <subfield code="4">0</subfield>
    <subfield code="7">0</subfield>
    <subfield code="a">BFM</subfield>
    <subfield code="b">BFM</subfield>
    <subfield code="c">CR</subfield>
    <subfield code="d">2017-12-14</subfield>
    <subfield code="e">Donaci&#xF3;n DelHospital Ediciones Hospital Italiano, Diciembre 2017</subfield>
    <subfield code="l">27</subfield>
    <subfield code="m">14</subfield>
    <subfield code="o">616.6 31 GUE</subfield>
    <subfield code="p">4074</subfield>
    <subfield code="r">2025-05-20</subfield>
    <subfield code="s">2025-05-13</subfield>
    <subfield code="t">Ej. 4</subfield>
    <subfield code="w">2017-12-14</subfield>
    <subfield code="y">BK</subfield>
    <subfield code="z">Donaci&#xF3;n DelHospital Ediciones Hospital Italiano, Diciembre 2017. Sede Tordos.</subfield>
    <subfield code="f"></subfield>
  </datafield>
  <datafield tag="952" ind1=" " ind2=" ">
    <subfield code="0">0</subfield>
    <subfield code="1">0</subfield>
    <subfield code="2">ddc</subfield>
    <subfield code="4">0</subfield>
    <subfield code="7">0</subfield>
    <subfield code="a">BFM</subfield>
    <subfield code="b">BFM</subfield>
    <subfield code="c">CR</subfield>
    <subfield code="d">2017-12-14</subfield>
    <subfield code="e">Donaci&#xF3;n DelHospital Ediciones Hospital Italiano, Diciembre 2017</subfield>
    <subfield code="l">16</subfield>
    <subfield code="m">9</subfield>
    <subfield code="o">616.6 31 GUE</subfield>
    <subfield code="p">4075</subfield>
    <subfield code="q">2026-06-05</subfield>
    <subfield code="r">2026-05-18</subfield>
    <subfield code="s">2026-05-18</subfield>
    <subfield code="t">Ej. 5</subfield>
    <subfield code="w">2017-12-14</subfield>
    <subfield code="y">BK</subfield>
    <subfield code="z">Donaci&#xF3;n DelHospital Ediciones Hospital Italiano, Diciembre 2017</subfield>
  </datafield>
  <datafield tag="952" ind1=" " ind2=" ">
    <subfield code="0">0</subfield>
    <subfield code="1">0</subfield>
    <subfield code="2">ddc</subfield>
    <subfield code="4">0</subfield>
    <subfield code="7">0</subfield>
    <subfield code="a">BFM</subfield>
    <subfield code="b">BFM</subfield>
    <subfield code="c">CR</subfield>
    <subfield code="d">2017-12-14</subfield>
    <subfield code="e">Donaci&#xF3;n DelHospital Ediciones Hospital Italiano, Diciembre 2017</subfield>
    <subfield code="l">8</subfield>
    <subfield code="m">4</subfield>
    <subfield code="o">616.6 31 GUE</subfield>
    <subfield code="p">4076</subfield>
    <subfield code="r">2025-10-27</subfield>
    <subfield code="s">2025-10-20</subfield>
    <subfield code="t">Ej. 6</subfield>
    <subfield code="w">2017-12-14</subfield>
    <subfield code="y">BK</subfield>
    <subfield code="z">Donaci&#xF3;n DelHospital Ediciones Hospital Italiano, Diciembre 2017</subfield>
  </datafield>
</record>
